000 00335nam a22001577a 4500
003 NUST
038 _akhadija
082 _a355.02
_bCLA
100 _aClausewitz
_990635
245 _aOn War /
_cVon Clausewitz
250 _avol II
260 _alahore
_bcombine printers
_c1962
300 _ap415
563 _aPB
942 _2ddc
_cBK
999 _c588834
_d588834